• 首页
  • 本馆介绍
  • 公告通知
  • 最新文献
  • 馆藏检索
  • 电子资源
  • 读者导购
  • 参考咨询
  • 我的图书馆
  • 登录
  • 详细信息显示
  • 放入我的书架
  • 预约/预借图书
  • 作者相关作品
  • 分类相关作品
  • 丛书相关作品
  • 出版社相关作品

书目信息

  • 表格格式
  • 工作单格式
  • 卡片格式
题名:
王国维学术经典集
    
 
作者: 干春松 , 孟彦弘 编
分册: 上卷  
出版信息: 南昌   江西人民出版社  1997.05
页数: 355页
开本: 20cm
丛书名:
单 册:
中图分类: C52
科图分类:
主题词: 社会科学--全集 , 社会科学--选集
电子资源:
ISBN: 7-210-01733-X
000 00643nam0 2200217 45
001 0010040994
005 20041108150701.8
010    @a7-210-01733-X@dCNY46.00
100    @a20001004d1997 km y0chiy0120 ea
101 0  @achi
105    @a z 000yy
200 1  @a王国维学术经典集@AWang Guo Wei Xue Shu Jing Dian Ji@h上卷@f干春松,孟彦弘编@FGan Chun Song,Meng Yan Hong Bian
210    @a南昌@c江西人民出版社@d1997.05
215    @a355页@d20cm
606 0  @a社会科学@x全集
606 0  @a社会科学@x选集
690    @aC52@v3
701  0 @a干春松@4编
701  0 @a孟彦弘@4编
801    @aCN@bTSTC@c20001004
905    @dC52@e103:1@f1@b291319@b291321@f1
    
    王国维学术经典集.上卷/干春松,孟彦弘编.-南昌:江西人民出版社,1997.05
    355页;20cm
    
    
    ISBN 7-210-01733-X:CNY46.00
    
●
相关链接 在E读中查询图书 在五车中查询图书 在当当中查询图书 在豆瓣中查询图书


正题名:王国维学术经典集     索取号:C52/103:1         预约/预借

序号 登录号 条形码 馆藏地/架位号 状态 备注
1 0291319   002913191   第一样本阅览室/ [索取号:C52/103:1] 在馆    
2 0291320   002913208   第一借阅区/ [索取号:C52/103:1] 在馆    
3 0291321   002913217   第一借阅区/ [索取号:C52/103:1] 在馆    
唐山师范学院图书馆 欢迎您!
大连网信软件有限公司© 版权所有